000 00387nam a2200145 i 4500
001 bg
100 1 _aĆWIEKOWA, Jadwiga
245 0 _aOpracowanie przedmiotowe piśmiennictwa :
_bproblemy teoretyczne i metodyczne /
_cJadwiga Ćwiekowa.
260 _aWarszawa,
_c1974.
040 _cBPK
041 _apol
080 _a025.3
942 _cKS
008 s pl f |000 0 pol
999 _c18536
_d18536
856 _uhttp://koha.tu.koszalin.pl/cgi-bin/koha/opac-detail.pl?biblionumber=18536
_yKatalog online BPK